Funciones de las diputaciones ante la reforma de haciendas locales /
Descripción Física:
Il·lustracions
Colección:
San Jorge,
; núm. 13 (gener 1954), pàg 10-12
Materias:
Espanya. -- Ley de 17 de julio de 1945, de Bases de Régimen Local
; Administració local -- Dret i legislació -- Espanya
; Finances públiques -- Dret i legislació
Idioma:
Español
MARC
| LEADER | 00000naa a2200000 a 4500 | ||
|---|---|---|---|
| 003 | Arxiu | ||
| 005 | 20260324181043.0 | ||
| 008 | 160829s1954 spcaxx s spa c | ||
| 040 | |a agdb | ||
| 100 | 1 | |a García Hernández, José, |d 1915-2000 |9 28269 | |
| 245 | 1 | 0 | |a Funciones de las diputaciones ante la reforma de haciendas locales / |c Ilmo. Sr. D. José García Hernández, director general de Administración Local |
| 300 | |b Il·lustracions | ||
| 490 | |a San Jorge, |v núm. 13 (gener 1954), pàg 10-12 | ||
| 610 | 1 | 0 | |9 54550 |a Espanya. |t Ley de 17 de julio de 1945, de Bases de Régimen Local |
| 650 | 0 | |a Administració local |x Dret i legislació |z Espanya |9 11255 | |
| 650 | 0 | |a Finances públiques |x Dret i legislació |9 23416 | |
| 773 | |g Núm. 13 (gener 1954), pàg 10-12 |t San Jorge. | ||
| 901 | |a Arxiu | ||
| 942 | |n 1 |2 udc |c ART | ||
| 952 | |0 0 |1 0 |4 0 |6 REV509 |7 1 |9 64741 |a Arxiu |b Arxiu |d 2022-12-12 |l 0 |o Rev-509 |r 2022-12-12 00:00:00 |w 2022-12-12 |y ARXIU |z També disponible a Rev-523 | ||
| 999 | |c 50000 |d 50000 | ||